Laxumbai phasayache naye (Record no. 363489)

MARC details
000 -LEADER
fixed length control field 003350000a22001450004500
005 - DATE AND TIME OF LATEST TRANSACTION
control field 20120302064935.0
040 ## - CATALOGING SOURCE
Original cataloging agency Mar
100 ## - MAIN ENTRY--PERSONAL NAME
Personal name Sathe,Rajas
245 ## - TITLE STATEMENT
Title Laxumbai phasayache naye
250 ## - EDITION STATEMENT
Edition statement 1st
260 ## - PUBLICATION, DISTRIBUTION, ETC. (IMPRINT)
Place of publication, distribution, etc Pune:Swachanda prakashan,1989.
365 ## - TRADE PRICE
Price amount 20/-
650 ## - SUBJECT ADDED ENTRY--TOPICAL TERM
Topical term or geographic name as entry element Natak,Laxumbai phasavayache nay
942 ## - ADDED ENTRY ELEMENTS (KOHA)
Koha item type Book
Holdings
Withdrawn status Lost status Damaged status Not for loan Home library Current library Date acquired Total Checkouts Barcode Date last seen Price effective from
        Institute For Oriental Study, Thane Institute For Oriental Study, Thane 12/02/2009   IOS-M 24544 12/02/2009 12/02/2009